Sports Quiz

Random Sports or MLB Quiz

Most HR in a Season with Negative WAR Quiz Stats

 Plays Quiz not verified by Sporcle

Score 0/12 Timer 10:00
0 Plays Today
Year, Team and Po. Player % Correct
2009 WSN (OF-1B)Adam Dunn
79.6%
2017 TEX (2B)Rougned Odor
75.8%
1999 COL (LF)Dante Bichette
75.2%
2017 CHC (LF)Kyle Schwarber
75.2%
1983 BOS (CF)Tony Armas
68.2%
1996 TOR (LF-1B)Joe Carter
54.8%
1986 OAK (DH)Dave Kingman
51%
2004 MON (3B)Tony Batista
37.6%
1987 CLE (RF)Cory Snyder
36.9%
2008 FLA (1B)Mike Jacobs
33.8%
2016 ARI (OF)Yasmany Tomas
31.8%
1964 CLE (LF)Leon Wagner
13.4%

You're not logged in!

Compare scores with friends on all Sporcle quizzes.
OR
Log In

Sporcle TV

Today on Sporcle TV


Watch our educational content, quiz creation guides, and fun videos on Sporcle TV.

Show Comments

Extras

Top Quizzes Today


Score Distribution

Your Account Isn't Verified!

In order to create a playlist on Sporcle, you need to verify the email address you used during registration. Go to your Sporcle Settings to finish the process.

Report this User

Report this user for behavior that violates our Community Guidelines.

Details: